|
|
|
|
| LEADER |
00817nab a2200217 i 4500 |
| 001 |
misc67394 |
| 005 |
20221004131829.0 |
| 008 |
220202s1930 hu o 0|| fre d |
| 040 |
|
|
|a SZTE Miscellanea Repozitórium
|b hun
|
| 041 |
|
|
|a fre
|
| 100 |
1 |
|
|a Fábri Károly Lajos
|
| 245 |
1 |
0 |
|a Un élément mésopotamien dans l'art de l'Inde
|h [elektronikus dokumentum] /
|c Fábri Károly Lajos
|
| 260 |
|
|
|a [Impr. nationale]
|b [Paris]
|c 1930
|
| 300 |
|
|
|a p. 298-302.
|c 22 cm
|
| 490 |
0 |
|
|a Journal Asiatique
|
| 561 |
|
|
|a Németh Gyula hagyaték
|
| 591 |
|
|
|a XKEK 2926
|
| 650 |
|
4 |
|a Bölcsészettudományok
|
| 650 |
|
4 |
|a Művészetek (művészetek, művészettörténet, előadóművészetek, zene)
|
| 695 |
|
|
|a Művészettörténet - India
|
| 856 |
4 |
0 |
|u http://misc.bibl.u-szeged.hu/67394/1/1555_nog_f12.pdf
|z Dokumentum-elérés
|